| 000 | 00938nam a22001935i 4500 | ||
|---|---|---|---|
| 001 | 151576 | ||
| 003 | ES-MaACL | ||
| 005 | 20230906204254.0 | ||
| 008 | 041021s1877 sp |||| | spa d | ||
| 080 | _a7.071.1:061.237(460.27 M).055.5 | ||
| 110 | 2 |
_aAsociación de Escritores y Artistas Españoles. _91585 |
|
| 245 | 1 | 0 |
_aMemoria de los trabajos realizados por la misma durante el año de 1876 / _cformada por el secretario primero Agustín de la Paz Bueso. |
| 260 |
_aMadrid : _bAsociación de Escritores y Artistas, _c1877 ( _fImp. y Fundición de M. Tello) |
||
| 300 |
_a80 p. ; _c22 cm. |
||
| 610 | 2 | 4 |
_aAsociación de Escritores y Artistas Españoles- _vMemorias. _9144968 |
| 700 | 1 |
_aPaz Bueso, Agustín de la. _9130920 |
|
| 852 |
_aES-MaACL _jT-261-F-3 _z- Enc. hol., falto de cub. original _z- Enc. en un vol. facticio |
||
| 852 |
_aES-MaACL _jT-376-F-10 _z- Enc. hol., falto de cub. original _z- Enc. en un vol. facticio |
||
| 999 |
_c151576 _d151576 |
||